000 005260000a22001810004500
003 MACL
005 20160611121716.0
008 160611b xxu||||| |||| 00| 0 eng d
040 _aMACL
_cMACL
041 _aHindi
082 _a070
100 _aविजय, तरूण
_948929
245 _aभारत का मन
_cतरूण विजय
260 _bसूर्य भारती प्रकाशन
_aदिल्‍ली
350 _a100
650 _aJournalism
_964138
942 _cHIN
_k070
_2ddc
999 _c30156
_d30156